00666 2200193 4500001002100000005001500021035002000036008004100056245004400097100001800141250000600159260004400165300001200209084001400221082000800235650001000243520020700253990001200460INLIS00000000000107920240522114901 a0010-0524000314240522 1 ind 1 aDicintamu, Ku Termangu /cL. Murbandono aL. Murbandono a1 aJakarta :bYayasan Hidup Katolik,c1976 a201 hlm a813 MUR d a813 4aFiksi aDi Cintamu Kutermangu karya L. Murbandono Hs. ini mencoba menjawab kemungkinan perpaduan cinta vertikal dan horizontal. Bagaimana bila seorang biarawan terbelit wanita cantik yang begitu tulus cintanya? a0744057